000 00450nam a22001697a 4500
003 NUST - PNEC
005 20170116181101.0
008 150822b xxu||||| |||| 00| 0 eng d
020 _a0070568847
040 _cLIBRARY
082 _a621.8 SHI
100 _95458
_aShigley, Joseph Edward
245 _aTheory of machines and mechanisms
_cJoseph Edward Shigley
260 _cc.1981
650 _95459
_aMechanical engineering
_xME
942 _2ddc
_cBK
999 _c68776
_d68776